1818 1639 1001 1038 1169 1064 1783 1042 1579 1625 1666 1405 1341 1413 1187 1530 1874 1728 1011 1365 1198 1127 1660 1953 1271 1795 1270 1404 1188 1701 1386 1380 1400 1134 1875 1593 1929 1053 1891 1828 1584 1097 1823 1465 1319 1388 1396 1965 1877 1207 1599 1824 1521 1116 1883 1573 1567 1321 1172 1401 1952 1196 1557 1143 1260 1184 1151 1387 1885 1084 1447 1234 1327 1403 1341 1991 1593 1640 1347 1584 1134 1466 1776 1959 1356 1427 1700 1817 1216 1526 1024 1850 1703 1768 1273 1658 1118 1694 1977 BCNSPRNW ULIB Ver.6.0+V

เปลี่ยนเป็นภาษาไทย

Change to English
 แสดงรายละเอียดบรรณานุกรม
  กลับหน้าหลัก

Brief Record : Get Marc (ISO 2709) : E-mail record : QR code < ปิดหน้าต่าง
LEADER : 00000nam 2200000uu 4500
001    13399107965
003     ULIB
008    110211s2551||||th 000 0 tha d
020    9747227339
060 04 WY157^bว728ก 2551
100 0  วิไลพรรณ สวัสดิ์พาณิชย์
245 10 การพยาบาลมารดาหลังคลอด /^cวิไลพรรณ สวัสดิ์พาณิชย์
250    พิมพ์ครั้งที่
260    ชลบุรี :^bภาควิชาการพยาบาลแม่และเด็ก คณะพยาบาลศาสตร์มหาวิทยาลัยบูรพา,^c2551
300    123 หน้า :^bภาพประกอบ :^c27 ซม.
650  7 การพยาบาลสูติศาสตร์
650  7 ระยะหลังคลอด^xการพยาบาล
710 2  มหาวิทยาลัยบูรพา . ^bคณะพยาบาลศาสตร์.^bภาควิชาการพยาบาลแม่และเด็ก
945    ^p150^l0^i025701
945    ^p150^l0^i025480
945    ^p150^l0^i025479
945    ^p150^l0^i025478
945    ^p150^l0^i025476
945    ^p150^l0^i025475
945    ^p150^l0^i025178
945    ^p150^l0^i025477
995    ทศพร
999 ^a ใช้งานได้ทุกระบบ
รายการนี้ยังไม่มีแท็ก
คุณยังไม่ได้ล็อกอิน คุณสามารถมีกิจกรรมร่วมกับเว็บไซต์ได้ แต่ต้องล็อกอินก่อน ::
  ล็อกอิน

รายการสื่อสารสนเทศ

ลำดับที่ ประเภท เลขเรียก/บาร์โค้ด สถานที่ สถานะ
1. วิทยาศาสตร์การแพทย์ และสุขภาพ
วิทยาศาสตร์การแพทย์ และสุขภาพ
สถานะ=หนังสือเก่า
WY157 ว728ก 2551 ฉ.5 
  Barcode: 025478
ห้องสมุดวิทยาเขตสวรรค์ประชารักษ์
►หนังสือทั่วไป
ถูกยืม กำหนดส่งวันที่ 28 สิงหาคม 2568
  จอง

รายการใกล้เคียง
    ผู้แต่ง [วิไลพรรณ สวัสดิ์พาณิชย์]

    หัวเรื่อง [การพยาบาลสูติศาสตร์]

BibComment


ยังไม่เคยถูกคอมเมนท์

คอมเมนท์ทรัพยากรรายการนี้
  คอมเมนท์: การพยาบาลมารดาหลั..


 Copyright 2026. Bcnsprnw @Library